Statistics for Countries with a crescent on flag

Click here to take the quiz!

General Stats

  • This quiz has been taken 18 times
  • The average score is 12 of 19

Answer Stats

Answer% Correct
Algeria
89%
Libya
83%
Tunisia
83%
Turkey
83%
Azerbaijan
78%
Comoros
72%
Mauritania
72%
Pakistan
72%
Iran
67%
Maldives
67%
Singapore
67%
Turkmenistan
67%
Uzbekistan
67%
Malaysia
61%
Nepal
61%
Brunei
56%
Mongolia
33%
Croatia
28%
Moldova
28%

Score Distribution

Percentile by Number Answered

Percent of People with Each Score

Your Score History

You have not taken this quiz